[Event "Xeraco Region-ch Segunda"]
[Site "Xeraco"]
[Date "2015.10.31"]
[Round "4.1"]
[White "Munoz Marti, Miguel"]
[Black "Egea Herrero, Albert"]
[Result "1/2-1/2"]
[WhiteElo "1404"]
[BlackElo "1299"]
[PlyCount "68"]
[EventDate "2015.10.03"]
[EventType "swiss"]
[EventRounds "7"]
[EventCountry "ESP"]
[SourceTitle "EXT 2024"]
[Source "ChessBase"]
[SourceDate "2023.10.10"]
[SourceVersion "1"]
[SourceVersionDate "2023.10.10"]
[SourceQuality "1"]

1. e4 e5 2. Nf3 Nc6 3. Bc4 Bc5 4. 0-0 Nf6 5. d4 exd4 6. e5 Ng4 7. Bf4 d5 8. exd6 Bxd6 9. Re1+ Be7 10. Bb5 Bd7 11. Bxc6 Bxc6 12. Nxd4 Bd7 13. Qe2 c5 14. Nb3 Be6 15. Qb5+ Qd7 16. Qxd7+ Kxd7 17. Nc3 Rad8 18. Ne4 b6 19. Ng5 Bxg5 20. Bxg5 f6 21. Bf4 g5 22. Bd2 Rhg8 23. Rad1 Ke7 24. f3 Ne5 25. Bc3 Rxd1 26. Rxd1 Bf5 27. Bxe5 fxe5 28. Re1 Kf6 29. c3 Rd8 30. Kf2 c4 31. Nc1 Rd2+ 32. Re2 Rd1 33. Re1 Rxe1 34. Kxe1 b5 1/2-1/2

[Event "Provincial-ch Xeraco Primera"]
[Site "Xeraco"]
[Date "2014.09.27"]
[Round "1.8"]
[White "Egea Herrero, Albert"]
[Black "Sifre Montalva, Alfred"]
[Result "0-1"]
[WhiteElo "1287"]
[BlackElo "1783"]
[PlyCount "110"]
[EventDate "2014.09.27"]
[EventType "swiss"]
[EventRounds "7"]
[EventCountry "ESP"]
[SourceTitle "EXT 2024"]
[Source "ChessBase"]
[SourceDate "2023.10.10"]
[SourceVersion "1"]
[SourceVersionDate "2023.10.10"]
[SourceQuality "1"]

1. e4 d6 2. d4 g6 3. Nf3 Bg7 4. Be2 Nf6 5. Nc3 0-0 6. 0-0 c6 7. Bg5 b5 8. a3 a5 9. Bxf6 Bxf6 10. e5 dxe5 11. dxe5 Qxd1 12. Raxd1 Bg7 13. Ne4 Nd7 14. Nd4 Nxe5 15. f4 Ng4 16. Nxc6 Ne3 17. Nxe7+ Kh8 18. Bf3 Ra7 19. Rd8 Rxe7 20. Rxf8+ Bxf8 21. Re1 Nd5 22. Rd1 Be6 23. Ng5 Nc7 24. Nxe6 Nxe6 25. Rd5 Nxf4 26. Rxb5 Ne2+ 27. Kf2 Nd4 28. Rxa5 Nxc2 29. b4 Re3 30. b5 Rxa3 31. Ra8 Rxa8 32. Bxa8 Bc5+ 33. Kf1 Nd4 34. Bc6 Nxc6 35. bxc6 Bd6 36. h3 Kg7 37. Ke2 Kf8 38. Kd3 Ke7 39. Ke4 Kd8 40. Kd5 Kc7 41. h4 h5 42. Ke4 Bg3 43. Kf3 Bxh4 44. Kf4 Kxc6 45. Kf3 Kd6 46. Ke3 Ke5 47. Kf3 Be7 48. Kg3 g5 49. Kh3 f5 50. Kg3 f4+ 51. Kh2 Ke4 52. Kh1 Ke3 53. Kg1 g4 54. Kf1 Bb4 55. g3 f3 0-1